| 000 | 00943nam a22002535a 4500 | ||
|---|---|---|---|
| 003 | OSt | ||
| 005 | 20161219151910.0 | ||
| 008 | 161219s2016 ua frb 000 0 ara d | ||
| 015 | _a2015/25546 | ||
| 020 | _a9789770479520 | ||
| 040 |
_aEG-ScBUE _bara _cEG-ScBUE |
||
| 043 | _af-ua--- | ||
| 082 | 0 | 4 |
_a346.62015 _bغ ا ن _222 |
| 100 | 1 | _aغانم، محمد عبد النبي السيد. | |
| 245 | 1 | 0 |
_aإجراءات التقاضي أمام محاكم الأسرة / _cمحمد عبد النبي السيد غانم. |
| 260 |
_aالقاهرة : _bدار النهضة العربية، _c2016. |
||
| 300 |
_a204 ص. ؛ _c24 سم. |
||
| 504 | _aيشتمل على إرجاعات ببليوجرافية. | ||
| 650 | 7 |
_aالأحوال الشخصية _xقوانين وتشريعات _zمصر. _2BUEsh |
|
| 650 | 7 |
_aمحاكم الأحوال الشخصية _zمصر. _2BUEsh |
|
| 651 | _2BUEsh | ||
| 653 |
_bLLAAWW _cDecember2016 |
||
| 942 | _2ddc | ||
| 999 |
_c23643 _d23615 |
||